|
|
|
|
| LEADER |
00000nam a22000007a 4500 |
| 005 |
20140424202824.0 |
| 007 |
cr|||| |||| |
| 008 |
140424s2010 ar |||||s|||| 00||0 spa d |
| 035 |
|
|
|a 11882
|
| 040 |
|
|
|a vLex
|
| 090 |
|
|
|c 4822
|d 4822
|
| 100 |
1 |
|
|a Castagno, Antonio
|
| 245 |
1 |
3 |
|a La asistencia tčnica parlamentaria
|h [Recurso electrn̤ico] /
|c Antonio Castagno
|
| 256 |
|
|
|a Servicio en ln̕ea
|
| 260 |
|
|
|a Buenos Aires:
|b El Derecho Editorial Jurd̕ica,
|c 2010
|
| 300 |
|
|
|a 1 recurso electrn̤ico
|
| 506 |
1 |
|
|a Disponible solo en los productos indicados
|d vLex Global
|d vLex Global (Academic Edition, excluding Law Schools)
|d vLex Global (U.S. Academic Edition, Law Schools)
|d vLex Global (U.S. Academic Edition, excluding Law Schools)
|d vLex Global (Academic Edition, Law Schools)
|
| 650 |
0 |
4 |
|a Derecho Civil
|z Argentina
|
| 740 |
0 |
|
|a vLex Libros (Servicio en ln̕ea)
|
| 856 |
4 |
0 |
|u http://vlex.com/source/asistencia-tecnica-parlamentaria-11882
|z Acceso restringido
|
| 942 |
|
|
|c BOOK
|
| 999 |
0 |
|
|a Civil Law
|